000 00346nam a2200145 a 4500
008 970906s1973||||xx 0 und c
040 _aSNK
_bslo
_cSNK
_eAACR2
100 1 _aOndrejka-Kliment
245 1 0 _aRytmika a ľudové tance
260 _aBratislava
_bSPN
_c1973
300 _a36 s.
020 _c7,50
_aK
041 _aslo
044 _axo
_cSK
999 _c14903
_d14903